Jaws
Relato sobre el pueblo de Amity, una localidad costera cuyo sustento económico principal es el turismo. Los habitantes del pueblo se ven amenazados cuando descubren partes de una mujer a orillas del mar, donde el causante es un enorme tiburón blanco. Relata los ataques de este tiburón a varias perso...
Bewaard in:
| Hoofdauteur: | |
|---|---|
| Formaat: | Boek |
| Taal: | Undetermined |
| Gepubliceerd in: |
Londres, Inglaterra
Pan Books and Sydney
1976
|
| Editie: | 22 |
| Onderwerpen: | |
| Tags: |
Voeg label toe
Geen labels, Wees de eerste die dit record labelt!
|
MARC
| LEADER | 00000nam a2200000Ia 4500 | ||
|---|---|---|---|
| 008 | 170316s9999 xx 000 0 und d | ||
| 040 | |a cru BVZT | ||
| 090 | |a 810 B-9j | ||
| 100 | |a Benchley, Peter |9 776 | ||
| 245 | |a Jaws |c / Peter Benchley | ||
| 250 | |a 22 | ||
| 260 | |a Londres, Inglaterra |b Pan Books and Sydney |c 1976 | ||
| 300 | |a 285 páginas | ||
| 520 | |a Relato sobre el pueblo de Amity, una localidad costera cuyo sustento económico principal es el turismo. Los habitantes del pueblo se ven amenazados cuando descubren partes de una mujer a orillas del mar, donde el causante es un enorme tiburón blanco. Relata los ataques de este tiburón a varias personas. El jefe de la Policía local, pensando en el turismo y la economía de la zona, toma decisiones que traerán conflictos políticos, económicos, amenazas, y el descubrimiento de corrupción entre los miembros representativos de Amity. Se exploran los problemas maritales, las jugadas de poder, los intereses financieros y la ética profesional. | ||
| 650 | |a LITERATURA ESTADOUNIDENSE |9 25 | ||
| 650 | |a EN IDIOMA INGLÉS |9 129 | ||
| 650 | |a RELATO - SUSPENSO |9 777 | ||
| 999 | |c 5472 |d 5472 | ||
| 942 | |c 15 D |h 810 B-9j |2 z | ||
